|
|
|
|
| LEADER |
00000nam a22000007a 4500 |
| 005 |
20220408225341.0 |
| 007 |
cr|||| ||| |
| 008 |
220408s2019 br |||||s|||| 00||0 por d |
| 020 |
|
|
|a 978-85-301-0143-5
|
| 035 |
|
|
|a 36051
|
| 040 |
|
|
|a vLex
|
| 090 |
|
|
|c 13145
|d 13145
|
| 100 |
1 |
|
|a Gunther, Luiz Eduardo
|
| 245 |
1 |
0 |
|a Novas matrizes do direito do trabalho
|h [Recurso electrn̤ico] /
|c Luiz Eduardo Gunther, Hľio Gomes Coelho Jn︢ior
|
| 256 |
|
|
|a Servicio en ln̕ea
|
| 260 |
|
|
|a San Pablo:
|b LTR,
|c 2019
|
| 300 |
|
|
|a 1 recurso electrn̤ico
|
| 500 |
|
|
|a As relaė̳s individuais, coletivas, sindicais e processuais do trabalho sô analisadas por um plural grupo de juslaboralistas que, nos seus ofc̕ios (judicatura, advocacia e “parquet”) praticaram os novos modelos legais fixados pelo legislador h ̀dois anos. A seleta de artigos e a qualificaȯ̂ de seus autores - juz̕es das trs̊ instńcias da Justiȧ do Trabalho, procuradores do trabalho e advogados especializados - dô ̉obra coordenada pelos Professores Luiz Eduardo Gunther e Hľio Gomes Coelho Jn︢ior uma contextura e vigor cientf̕ico notv̀eis.
|
| 506 |
1 |
|
|a Disponible solo en los productos indicados
|d vLex Global
|d vLex Global (Academic Edition, excluding Law Schools)
|d vLex Global (U.S. Academic Edition, Law Schools)
|d vLex Global (U.S. Academic Edition, excluding Law Schools)
|d vLex Global (Academic Edition, Law Schools)
|
| 650 |
0 |
4 |
|a Derecho Laboral y Seguridad Social
|z Brasil
|
| 700 |
1 |
|
|a Coelho Jn︢ior, Hľio Gomes
|
| 740 |
0 |
|
|a vLex Libros (Servicio en ln̕ea)
|
| 856 |
4 |
0 |
|u https://app.vlex.com/#/sources/36051
|z Acceso restringido
|
| 942 |
|
|
|c BOOK
|
| 999 |
0 |
|
|a Labor law and social security
|